LEADER 01268nam0 2200313 i 450 001 CAM0021043 005 20170908093319.0 010 $a9788882728731 020 $aIT$b2013-1712 100 $a20151116d2013 ||||0itac50 ba 101 | $aita 102 $ait 181 1$6z01$ai $bxxxe 182 1$6z01$an 200 1 $a˜La œporta stretta$fAngelo Bagnasco$gintroduzione di Piero Coda 210 $aSiena$cCantagalli$d2013 215 $a438 p.$d24 cm. 606 $aConferenza episcopale italiana$x2007-2012$xTesti$2FIR$3CFIC206958$9N 676 $a262$9ECCLESIOLOGIA$v14 700 1$aBagnasco$b, Angelo$3TO0V370325$4070$0745193 702 1$aCoda$b, Piero$3CFIV035005$4080 801 3$aIT$bIT-NA0079$c20151116 850 $aIT-SA0272$aIT-AV0101 912 $aCAM0021043 950 0$aBiblioteca Edith Stein dell'Istituto Santa Teresa del Gesù Bambino$c1 v.$d ESSALA ES 262 BAG$e ES 0000043935 B 1 v.$fT $h20131002$i20131002 950 0$aBiblioteca Territoriale Diocesana di Montevergine$d MMSCS.BEN 005. 208$e MM 0000013645 B 1 v.$fT $h20160912$i20160912 977 $a ES$a MM 996 $aPorta stretta$91485896 997 $aUNISANNIO LEADER 00651nam a2200229 i 4500 001 991004312924607536 005 20240402151903.0 008 880915s1925 it e 000 0 ita d 040 $aBibl. Interfacoltà T. Pellegrino$bita$cSocioculturale Scs 041 0 $aita 082 04$a211.8$223 100 1 $aRensi, Giuseppe,$d<1871-1941>$0162505 245 00$aApologia dell'ateismo /$cGiuseppe Rensi 246 14$aAteismo 260 $aRoma :$bFormíggini,$c1925 300 $a101 p. ;$c17 cm 490 1 $aApologie 650 4$aAteismo 830 0$aApologie 912 $a991004312924607536 996 $aApologia dell'ateismo$9571903 997 $aUNISALENTO